| 000 | 00630nam a2200193Ii 4500 | ||
|---|---|---|---|
| 003 | JO-AjNU | ||
| 008 | 230605s9999||||xx |||||||||||||| ||und|| | ||
| 040 |
_aJO-AjNU _bara _erda _cJO-AjNU |
||
| 041 | _aara | ||
| 050 | 1 | 4 | _aPJ7696.K5.A17 |
| 100 | 3 |
_aتأليف الخنساء, _eauthor _940575 |
|
| 245 | 0 | 0 | _aديوان الخنساء |
| 264 | 3 | 1 | _aبيروت:المكتبة الثقافية،1900 |
| 300 | _a111ص | ||
| 336 |
_atext _btxt _2rdacontent |
||
| 337 |
_aunmediated _bn _2rdamedia |
||
| 338 |
_avolume _bnc _2rdacarrier |
||
| 650 | 4 |
_a الشعر العربي - عصر صدر الإسلام - الخنساء _940576 |
|
| 999 |
_aA17231 _c20799 _d20799 |
||